01210nam a22002657a 4500003000900000005001700009008003100026020001800057040002500075082002900100100003400129245004300163260004800206300002900254500007100283590002900354650003100383650003300414910004000447942001400487952013800501952014400639952014400783999001700927DO-SdBNP20240228191900.0210223b 2020 dr p 00| 0 eng d a9789945920994 aDO-SdBNPbspacBNPHU 4aBNPHU RD863.44bO96c2221 aOvalles, Pedro,d1957-92378110aEl color de la mirada /cPedro Ovalles aSanto Domingo : bPoetas de la Era, c2020. a118 p. ; bil.,c23 cm.  aIncluye datos biográficos del autor en la solapa de la cubierta. aInventariado, 2021 /LP 14aPoesía dominicana97829814aLiteratura dominicana978299 aLP/Validado. Control de calidad MFF 2ddccLBS1 00102ddc51718PDaBNPHUbPDcHDd2021-02-23eDepósito Legal l0oBNPHU PD RD863.44 O96cp2021-0386r2021-02-23w2021-02-23yLFPD 00102ddc51728PDaBNPHUbPDcHDd2021-02-23eDepósito Legal l0oBNPHU PD RD863.44 O96cp2021-0387r2021-02-23te. 2w2021-02-23yLFPD 00102ddc56708DSaBNPHUbGRcHDd2021-02-23eDepósito Legal l0oBNPHU DS RD863.44 O96cp2021-0388r2021-02-23te. 3w2021-02-23yLFDS c49435d49435